Statystyki dla Wszystkie dzielnice Częstochowy

Kliknij tutaj aby rozwiązać quiz!

Ogólne statystyki

  • Ten quiz został rozwiązany 340 razy
  • Średni wynik to 14 z 20

Statystyki odpowiedzi

LpNazwa dzielnicy% Poprawnych
12Raków
93%
11Północ
86%
15Śródmieście
86%
17Tysiąclecie
76%
14Stradom
75%
9Ostatni Grosz
73%
19Wyczerpy-Aniołów
73%
2Częstochówka-Parkitka
72%
7Lisiniec
72%
20Zawodzie-Dąbie
72%
13Stare Miasto
70%
1Błeszno
64%
18Wrzosowiak
64%
3Dźbów
62%
4Gnaszyn-Kawodrza
60%
5Grabówka
59%
6Kiedrzyn
56%
10Podjasnogórska
55%
16Trzech Wieszczów
53%
8Mirów
49%

Rozkład punktacji

Percentyl według liczby udzielonych odpowiedzi

Procent ludzi z każdym wynikiem

Twoja historia wyników

Nie rozwiązałeś tego quizu